Nba quiz - Statistics

General Stats
  • This quiz has been taken 1,147 times
  • The average score is 14 of 15
Answer Stats
Hint Answer % Correct
Durant Kevin
99%
Love Kevin
99%
bird larry
99%
James LeBron
99%
O'neal Shaquille
99%
Kerr Steve
99%
nash Steve
99%
Paul Chris
97%
johnson magic
97%
Rose Derrick
96%
Bryant Kobe
96%
jordan michael
96%
pippin Scottie
96%
irving kyrie
95%
Curry Stephan
27%
No matching quizzes found
Score Distribution
Percent of People with Each Score
Percentile by Number Answered
Your Score History
You have not taken this quiz